| 000 | 00661nam a22002057a 4500 | ||
|---|---|---|---|
| 999 |
_c43614 _d43614 |
||
| 005 | 20230417111718.0 | ||
| 008 | 100903t xxu||||| |||| 00| 0 eng d | ||
| 010 | _aENG-101404 ENG-136686 | ||
| 020 |
_c415.00 _a9789380032825 |
||
| 035 | _aEN-84937 EN-120218 | ||
| 037 | _bDBAD/PUB | ||
| 040 |
_aDpl _bEng |
||
| 082 | _a613.7 | ||
| 100 |
_9745 _aShameem Akhtar |
||
| 245 | 1 |
_aYoga in the workplace / _cby Shameem Akhtar |
|
| 260 |
_aChennai _bWestland _c2010 |
||
| 270 |
_aVenkat Towers,165,P.H.Road,opp.Maduravoyal Municipal Office _bChennai _e600 095 |
||
| 300 |
_ax,236p.: _c20cm (pbk) _bcol. photos |
||
| 942 |
_adpl _cEN _2ddc _mSHA _h613.7 |
||